Normal view
MARC view
- Aresha, Arshad
Entry Personal Name
001 - CONTROL NUMBER
- control field: 127390
003 - CONTROL NUMBER IDENTIFIER
- control field: NUST
005 - DATE AND TIME OF LATEST TRANSACTION
- control field: 20250107143142.0
008 - FIXED-LENGTH DATA ELEMENTS
- fixed length control field: 250107|| aca||aabn | a|a d
040 ## - CATALOGING SOURCE
- Original cataloging agency: NUST
- Transcribing agency: NUST
100 ## - HEADING--PERSONAL NAME
- Personal name: Aresha, Arshad
670 ## - SOURCE DATA FOUND
- Source citation: Work cat.: (NUST): Aresha, Arshad, Enhancing Multimodal Information Extraction from Visually Rich Documents
